| Tag |
First Indicator |
Second Indicator |
Subfields |
| LEADER |
00000cam a22000008a 4500 |
| 001 |
in00002407921 |
| 005 |
20151109100112.0 |
| 008 |
080226s2008 nyu 000 f eng |
| 015 |
|
|
|a GBA825603
|2 bnb
|
| 016 |
7 |
|
|a 014537430
|2 Uk
|
| 020 |
|
|
|a 9781584350477 (pbk.)
|
| 020 |
|
|
|a 1584350474 (pbk.)
|
| 035 |
|
|
|a (OCoLC)ocn181142537
|
| 035 |
|
|
|a (OCoLC)181142537
|
| 040 |
|
|
|a UKM
|c UKM
|d BTCTA
|d YDXCP
|d BAKER
|d BWX
|d TXA
|d UtOrBLW
|
| 041 |
1 |
|
|a eng
|h fre
|
| 049 |
|
|
|a TXAM
|
| 082 |
0 |
4 |
|a 843.914
|2 22
|
| 090 |
|
|
|a PQ2662.R42
|b P6713 2008
|
| 100 |
1 |
|
|a Breillat, Catherine.
|
| 245 |
1 |
0 |
|a Pornocracy /
|c Catherine Breillat ; translated by Paul Buck and Catherine Petit ; introduction by Chris Kraus ; afterword by Peter Sotos.
|
| 263 |
|
|
|a 200806
|
| 264 |
|
1 |
|a Cambridge, Mass ;
|a London :
|b Semiotext(e),
|c 2008.
|
| 300 |
|
|
|a 135 pages ;
|c 23 cm.
|
| 336 |
|
|
|a text
|b txt
|2 rdacontent
|
| 337 |
|
|
|a unmediated
|b n
|2 rdamedia
|
| 338 |
|
|
|a volume
|b nc
|2 rdacarrier
|
| 490 |
1 |
|
|a Semiotext(e) native agents series
|
| 546 |
|
|
|a Translated from the French.
|
| 650 |
|
0 |
|a Paraphilias
|v Fiction.
|
| 650 |
|
0 |
|a Man-woman relationships
|v Fiction.
|
| 650 |
|
0 |
|a Sex
|v Fiction.
|
| 830 |
|
0 |
|a Semiotext(e) native agents series.
|
| 938 |
|
|
|a Baker and Taylor
|b BTCP
|n BK0007516897
|
| 938 |
|
|
|a YBP Library Services
|b YANK
|n 2730432
|
| 938 |
|
|
|a Baker & Taylor
|b BKTY
|c 14.95
|d 11.21
|i 1584350474
|n 0007516897
|s active
|
| 938 |
|
|
|a Blackwell Book Service
|b BBUS
|n R5723883
|c $14.95
|
| 945 |
|
|
|a PromptCat
|b 487945
|
| 946 |
|
|
|a stk
|
| 947 |
|
|
|a A14836731610
|
| 994 |
|
|
|a C0
|b TXA
|
| 948 |
|
|
|a cataloged
|b h
|c 2008/8/27
|d c
|e jlanham
|f 2:10:35 pm
|
| 999 |
|
|
|a MARS
|
| 999 |
f |
f |
|s a6aa38b1-7789-3140-a818-76d517466adb
|i eebf371a-8557-3f42-a1ec-6f978e5dcb96
|t 0
|
| 952 |
f |
f |
|p normal
|a Texas A&M University
|b College Station
|c Sterling C. Evans Library
|d Evans: Library Stacks
|t 0
|e PQ2662.R42 P6713 2008
|h Library of Congress classification
|i unmediated -- volume
|m A14836731610
|
| 998 |
f |
f |
|a PQ2662.R42 P6713 2008
|t 0
|l Evans: Library Stacks
|